000 00341nam a2200145Ia 4500
008 220204s9999 xx 000 0 und d
082 _a579.22
_bSAN;1
245 0 _aEndomycorrhizas
260 _aLondon
_bAcademic
_c1975
650 _aEndomycorrhiza
650 _aEndophyte
650 _aMycotrophy
700 _aSANDERS, F E
942 _cBK
999 _c28635
_d28635